000 00843cam a22002771 4500
001 he 68000821
003 DLC
005 20260227111455.0
008 831006s1966 is 000 0 heb
010 _ahe 68000821
035 _a(OCoLC)19157912
040 _aDLC
_cMH
_dCU
_dDLC
041 1 _aheb
_htur
042 _apremarc
050 0 0 _aPL248.C8
_bD516
100 1 _aCumalı, Necati.
240 1 0 _aDerya gülü.
_lHebrew
245 1 0 _aShoshanat ha-yam :
_bmaḥazeh be-shalosh maʻarakhot /
_cNeg'ati G'umali ; tirgemo mi-Turkit Daṿid Oren u-Shelomoh Ṭanai.
260 _aTel Aviv :
_bAlef
_c[1966]
300 _a96 p. ;
_c22 cm.
500 _aAdded t.p.: Rose of the sea; a Turkish play.
500 _aTranslation of Derya gülü.
752 _aIsrael
_dTel Aviv
700 1 _aTanny, Shlomo,
_d1919-
700 1 _aOren, David.
999 _c33098
_d33098